000 00451nam a22001097a 4500
999 _c6707
_d6707
008 200324b ||||| |||| 00| 0 eng d
245 _aIntegrated Labour Force Survey 2000/01:
_bAnalytical Report/
_cNational Bureau of Statistics, Ministry of Labour, Youth Development and Sports.-
_hEnglish.
260 _aDar Es Salaam:
_bNational Bureau of Statistics,
_c2002.
300 _axxvii, 168p;
_bill;
_c30cm.-
650 _2LABOUR FORCE SURVEY
942 _2ddc
_cBOOKS